000 06928namaa22004451i 4500
003 EG-GICUC
005 20260302100412.0
008 260217s2025 ua a|||frm||| 000 0 eng d
040 _aEG-GICUC
_beng
_cEG-GICUC
_dEG-GICUC
_erda
041 0 _aeng
_beng
_bara
049 _aDeposit
082 0 4 _a615.82
092 _a615.82
_221
097 _aM.Sc
099 _aCai01.21.10.M.Sc.205.Ne.C
100 0 _aNeveen Boles Fayek Boles,
_epreparation.
245 1 0 _aCorrelation between smart phone addiction and pre exam gastrointestinal disturbances in physical therapy students /
_cby Neveen Boles Fayek Boles ; Supervisors Prof. Dr. Nagwa Mohamed Badr, Prof. Dr. Heba Mohamed Ali, Dr. Salma Ibrahim Alghitany.
246 1 5 _aالعلاقة بين إدمان الهواتف الذكية واضطرابات الجهاز الهضمي بين طلبة العلاج الطبيعى فى فترة ماقبل الامتحان
264 0 _c2025.
300 _a88 pages :
_billustrations ;
_c25 cm. +
_eCD.
336 _atext
_2rda content
337 _aUnmediated
_2rdamedia
338 _avolume
_2rdacarrier
502 _aThesis (M.Sc)-Cairo University, 2025.
504 _aBibliography: pages 58-74.
520 3 _aBackground: University students are in the age group most interested in possessing smartphones for many different reasons. They use smartphones for a variety of activities such as studying, entertaining, accessing the internet or social networks, and social communication. Despite the many benefits of smartphone use, addiction to smartphones results in negative consequences affecting individual’s health, safety and daily lives. Purpose: to identify the correlation between smartphone addiction, gastrointestinal disturbances (GIT) and pre– exam stress in Beni Suef physical therapy students. Methods: sixty physical therapy students were enrolled to participate in the study. they were recruited from faculty of Physical therapy Beni Suef university. Their ages were ranged from 18 to 23 years old and their body mass index (BMI) ranged from 18.5 to 29.9. Smart phone addiction was assessed using Smartphone Addiction Scale (Short Version), stress was examined by Perceived Stress Scale (PSS–10) and cortisol level in blood ,while GIT disturbances were evaluated through gastrointestinal symptoms rate scale. Results: The results of the present study showed that smartphone addiction was positively correlated with gastrointestinal disturbances (p=0.013), while there was no correlation between smartphone addiction and perceived stress (p=0.552) and similarly no correlation between smart phone addiction and cortisol level (p=0.385) , Additionally, no significant correlation was found between gastrointestinal disturbances and cortisol level (p=0.274). Conclusion: It was concluded that the smart phone addiction had an effect on gastrointestinal symptoms in physical therapy students during the pre–exam period ,it may be due to some factors like eating behavior disorders , increasing consumption of unhealthy foods and sedentary behavior. Other factors may affect pre–exam stress like psychological factors, academic level and emotional factors.
520 3 _aالخلفية: طلاب الجامعات هم من الفئة العمرية الأكثر اهتماماً بإمتلاك الهواتف الذكية لأسباب عديدة ومختلفة. حيث يستخدمون الهواتف الذكية في مجموعة متنوعة من الأنشطة مثل الدراسة والترفية والوصول إلى الإنترنت أو الشبكات الاجتماعية والتواصل الاجتماعي وعلى الرغم من الفوائد العديدة لإستخدام الهواتف الذكية، إلا أن إدمان الهواتف الذكية يؤدي إلى عواقب سلبية تؤثر على صحة الفرد وسلامته وحياته اليومية. الغرض: لمعرفة العلاقة بين إدمان الهواتف الذكية واضطرابات الجهاز الهضمي وتوتر ما قبل الامتحان لدى طلاب العلاج الطبيعي ببني سويف. الطرق: تم تضمين ستين طالب من طلاب العلاج طبيعي للمشاركة في هدة الدراسة وقد تراوحت أعمارهم بين 18–23 سنة ومؤشر كتله الجسم بين 18.5 الي 29.9 كم/ م2. تم فحص إدمان الهواتف الذكية من خلال مقياس إدمان الهواتف الذكية – الإصدارات القصيرة، وتم فحص التوتر من خلال مقياس التوتر المدرك وعن طريق قياس مستوي الكورتيزول في الدم، بينما تم فحص اضطرابات الجهاز الهضمي من خلال مقياس معدل أعراض الجهازالهضمي. النتائج: أظهرت نتائج هذة الدراسة أن إدمان الهاتف الذكي كان مرتبطا بشكل إيجابي باضطرابات الجهاز الهضمي(ع = 0.013) ، في حين لم يكن هناك ارتباط بين إدمان الهاتف الذكي والتوتر المدرك ) ع = 0.552)، وبين إدمان الهواتف الذكية ومستوى الكورتيزول في الدم(ع = 0.385)، بالاضافة إلى لا توجد علاقة معبرة بين اضطرابات الجهاز الهضمي ومستوى الكورتيزول في الدم (ع = 0.274). الاستنتاجات: تم الإستنتاج الي ان إدمان الهواتف الذكية له تأثير علي اضطرابات الجهاز الهضمي في طلاب العلاج الطبيعي اثناء فتره ماقبل الامتحان و قد يكون ذلك بسبب بعض العوامل مثل اضطرابات سلوك الأكل، وزيادة استهلاك الأطعمة غير الصحية، والسلوك المستقر. و قد تكون هناك عوامل أخرى تؤثر على توتر ما قبل الامتحان مثل العوامل النفسية، والمستوى الأكاديمي، والعوامل العاطفية.
530 _aIssues also as CD.
546 _aText in English and abstract in Arabic & English.
650 0 _aPhysical Therapy
650 0 _aالعلاج الطبيعي
653 1 _asmartphone
_astress
_agastrointestinal disturbances
_acortisol
_aالهاتف الذكي
_aالتوتر
700 0 _aNagwa Mohamed Badr
_ethesis advisor.
700 0 _aHeba Mohamed Ali
_ethesis advisor.
700 0 _aSalma Ibrahim Alghitany
_ethesis advisor.
900 _b01-01-2025
_cNagwa Mohamed Badr
_cHeba Mohamed Ali
_cSalma Ibrahim Alghitany
_UCairo University
_FFaculty of Physical Therapy
_DDepartment of Physical Therapy for Cardiovascular/ Respiratory Disorder and Geriatrics
905 _aShimaa
_eEman Ghareb
942 _2ddc
_cTH
_e21
_n0
999 _c178546